00352 a2200109 450000100060000008200110000610000410001724501180005826000250017630000150020150000260021687955 aPR 312 aSaeed Ullah Khan; Iqbal Rasool, Prof aModeling of frame 6 of super mushshak aircraft using solid edge software and its analysis in ANSYS softwarehG-58 aRisalpurbNUSTc2003 avii, 37 p. aBE project reports AE